| 000 | 00850caa a22002417a 4500 | ||
|---|---|---|---|
| 999 |
_c410500 _d410500 |
||
| 001 | 123425 | ||
| 003 | UA-OsUOA | ||
| 005 | 20191217190042.0 | ||
| 007 | ta | ||
| 008 | 20170614b un ||||| |||| 00| 0 ukr d | ||
| 040 |
_aUA-OsUOA _bukr _cUA-OsUOA _dUA-OsUOA |
||
| 041 | _aukr | ||
| 080 | _a908 | ||
| 090 |
_a908 _bК64 |
||
| 100 | _aКононець П. | ||
| 245 |
_aЯн Фітцке — дослідник минулого Волинської землі _cП. Кононець |
||
| 300 | _aС. 312–317 | ||
| 650 | 7 |
_a908 Краєзнавство _2UDC |
|
| 773 | 0 |
_0360162 _9384710 _dОстрог Острозька друкарня 2010 _o131370 _tОстрозький краєзнавчий збірник _w(UA-OsUOA) 73867 |
|
| 942 |
_cBKA _2udc |
||
| 955 | _a1 | ||